Normal view MARC view
  • SATHYANARAYANA, EETELA AND OTHERS

Entry Personal Name

Number of records used in: 1

001 - CONTROL NUMBER

  • control field: 8235

003 - CONTROL NUMBER IDENTIFIER

  • control field: JRU

005 - DATE AND TIME OF LATEST TRANSACTION

  • control field: 20231106150512.0

008 - FIXED-LENGTH DATA ELEMENTS

  • fixed length control field: 231106|| aca||aabn | a|a d

040 ## - CATALOGING SOURCE

  • Original cataloging agency: JRU
  • Transcribing agency: JRU

100 ## - HEADING--PERSONAL NAME

  • Personal name: SATHYANARAYANA, EETELA AND OTHERS

670 ## - SOURCE DATA FOUND

  • Source citation: Work cat.: (JRU)8460: SATHYANARAYANA, EETELA AND OTHERS, SOIL SCIENCE TREATISE [4TH, ED.], 2021